| 000 | 00760nac a22002051u 4500 | ||
|---|---|---|---|
| 008 | 100905t xxu||||| |||| 00| 0 eng d | ||
| 010 | _a 60004064 | ||
| 035 | _a(OCoLC)1624588 | ||
| 082 |
_a621.67 _bALL |
||
| 100 |
_aAllen, E., _917836 |
||
| 245 | 1 | 0 |
_aUsing Centrifugal Pumps / _cE.Allen |
| 260 |
_aLondon, _aNew York, _bOxford University Press, _c1960. |
||
| 300 |
_a246 p. : _bill. ; _c23 cm. |
||
| 500 | _aDonations. | ||
| 500 | _aDonations - Bibliotheca Alexandrina. | ||
| 504 | _aIncludes Index. | ||
| 650 | 0 |
_aCentrifugal pumps. _917837 |
|
| 942 |
_cBB _k621.67ALL _2ddc |
||
| 999 |
_c3491 _d3491 |
||